Engineering the Computer Science and IT (E-Book) (Record no. 192392)
[ view plain ]
| 000 -LEADER | |
|---|---|
| fixed length control field | 01407 a2200145 4500 |
| 003 - CONTROL NUMBER IDENTIFIER | |
| control field | Nust |
| 005 - DATE AND TIME OF LATEST TRANSACTION | |
| control field | 20170207154036.0 |
| 040 ## - CATALOGING SOURCE | |
| Transcribing agency | Nust |
| 100 ## - MAIN ENTRY--PERSONAL NAME | |
| Personal name | Safeeullah Soomro |
| 245 ## - TITLE STATEMENT | |
| Title | Engineering the Computer Science and IT (E-Book) |
| Statement of responsibility, etc. | Safeeullah Soomro |
| 260 ## - PUBLICATION, DISTRIBUTION, ETC. | |
| Place of publication, distribution, etc. | India |
| Name of publisher, distributor, etc. | In-Teh |
| Date of publication, distribution, etc. | © 2009 |
| 300 ## - PHYSICAL DESCRIPTION | |
| Extent | viii,506 p; |
| 505 ## - FORMATTED CONTENTS NOTE | |
| Formatted contents note | Extensions of Deductive Concept in Logic Programming and Some Applications (Page-1) Regular Language Induction with Grammar-based Classifier System (Page-13) Fault Localization Models Using Dependences (Page-23) Assisted form filling (Page-41) Transatlantic Engineering Programs: An Experience in International Cooperation (Page-65) Methodology To Develop Alternative Makespan Algorithm For Re-entrant Flow Shop Using Bottleneck Approach (Page-85) Flexible Design by Contract (Page-103) Application of semantic networks in natural language issues (Page-127) SOA and supporting software processes integrated with self-organizing business networks (Page-213) Algebraic Algorithms for Image Tomographic Reconstruction from Incomplete Projection Data (Page-231) Templates for Communicating Information about Software Requirements and Software Problems (Page-261) Ontological description of gene groups by the multi-attribute statistically significant logical rules (Page-277) Performance evaluation of protocols of multiagent information retrieval systems (Page-445) |
| 651 ## - SUBJECT ADDED ENTRY--GEOGRAPHIC NAME | |
| Geographic name | (E-Book) |
| 942 ## - ADDED ENTRY ELEMENTS (KOHA) | |
| Source of classification or shelving scheme | |
| Koha item type | Book |
| Withdrawn status | Lost status | Source of classification or shelving scheme | Damaged status | Not for loan | Collection code | Permanent Location | Current Location | Date acquired | Total Checkouts | Barcode | Date last seen | Price effective from | Koha item type |
|---|---|---|---|---|---|---|---|---|---|---|---|---|---|
| Military College of Signals (MCS) | Military College of Signals (MCS) | 12/12/2016 | MCSEB-1532 | 12/08/2016 | 12/12/2016 | Book |
